| 000 | 00382nam a2200133Ia 4500 | ||
|---|---|---|---|
| 008 | 220216s9999 xx 000 0 und d | ||
| 100 | _aAkhurst C G | ||
| 245 | 0 | _aDescription of soils at the RRI experiment station | |
| 260 |
_bJournal of the Rubber Research Institute of Malaya _c1932 |
||
| 300 | _a174-184 | ||
| 650 | _aSoil classification | ||
| 700 | _aHaines W B | ||
| 942 | _cJS | ||
| 999 |
_c56817 _d56817 |
||